• 首页
  • 本馆介绍
  • 公告通知
  • 最新文献
  • 馆藏检索
  • 电子资源
  • 读者导购
  • 参考咨询
  • 我的图书馆
  • 登录
  • 详细信息显示
  • 放入我的书架
  • 预约/预借图书
  • 作者相关作品
  • 分类相关作品
  • 丛书相关作品
  • 出版社相关作品

书目信息

  • 表格格式
  • 工作单格式
  • 卡片格式
题名:
“非典”的启示
    
 
作者: 虞以新 编著
分册:  
出版信息: 北京   军事医学科学出版社  2003
页数: 84页
开本: 19cm
丛书名:
单 册:
中图分类: R51
科图分类:
主题词: 动物源性疾病--传染病--基本知识
电子资源:
ISBN: 7-80121-527-3
000 00857nam0 2200229 45
001 002448305
005 20050329101150.0
010    @a7-80121-527-3@dCNY5.00
100    @a20030909d2003 em y0chiy0110 ea
101 0  @achi
102    @aCN@b110000
105    @aa z 000yy
200 1  @a“非典”的启示@A“ fei dian ” de qi shi@e远离动物源性传染病@f虞以新编著@FYu Yi Xin Bian Zhu
210    @a北京@c军事医学科学出版社@d2003
215    @a84页@c图@d19cm
330    @a本书简要介绍了动物源性传染病疫源宿主与媒介的判定标准,疫源地类型与特点,并列举了近30种动物源性传染病为例,简单地阐述了各种不同动物源性传染病的传播和感染过程。
517 1  @a远离动物源性传染病@Ayuan li dong wu yuan xing chuan ran bing
606 0  @a动物源性疾病@x传染病@x基本知识
690    @aR51@v4
701  0 @a虞以新@4编著
801  0 @aCN@bNLC@c20031204
905    @f5@b346484-488@dR51@e60
    
    “非典”的启示:远离动物源性传染病/虞以新编著.-北京:军事医学科学出版社,2003
    84页:图;19cm
    
    
    ISBN 7-80121-527-3:CNY5.00
    本书简要介绍了动物源性传染病疫源宿主与媒介的判定标准,疫源地类型与特点,并列举了近30种动物源性传染病为例,简单地阐述了各种不同动物源性传染病的传播和感染过程。
●
相关链接 在E读中查询图书 在五车中查询图书 在当当中查询图书 在豆瓣中查询图书


正题名:"非典"的启示     索取号:R51/60         预约/预借

序号 登录号 条形码 馆藏地/架位号 状态 备注
1 0346484   203464848   第二样本阅览室/ [索取号:R51/60] 在馆    
2 0346485   203464857   第三借阅区/ [索取号:R51/60] 在馆    
3 0346486   203464866   第三借阅区/ [索取号:R51/60] 在馆    
4 0346487   203464875   第三借阅区/ [索取号:R51/60] 在馆    
5 0346488   203464884   第三借阅区/ [索取号:R51/60] 在馆    
唐山师范学院图书馆 欢迎您!
大连网信软件有限公司© 版权所有